Home run heroes : Mark McGwire & Sammy Sosa /

Presents the lives, on and off the baseball field, of two athletes whose battle for the home run record dominated sports headlines in 1998.

Bibliographic Details
Main Author: Stewart, Mark
Corporate Author: NetLibrary, Inc
Other Authors: Kennedy, Mike, 1965-
Format: eBook
Language:English
Published: Brookfield, Conn. : Millbrook Press, [1999]
Subjects:
Online Access:Connect to the full text of this electronic book

MARC

Tag First Indicator Second Indicator Subfields
LEADER 00000cam a2200000La 4500
001 in00001746939
005 20220105121648.0
006 m u
007 cr cn-
008 001101s1999 ctua cs 001 0ceng d
010 |z  98050292  
020 |a 0585305587 (electronic bk.) :  |c $22.90 
020 |z 0761315594 
020 |z 0761310452 (pbk.) 
035 |a (OCoLC)ocm45731961 
040 |a N$T  |c N$T  |d OCL  |d UtOrBLW 
043 |a n-us---  |a nwdr--- 
049 |a IKMN 
050 1 4 |a GV865.A1  |b S78 1999eb 
082 0 4 |a 796.357/092/273  |a B  |2 21 
100 1 |a Stewart, Mark.  |0 http://id.loc.gov/authorities/names/n92089449 
245 1 0 |a Home run heroes :  |b Mark McGwire & Sammy Sosa /  |c by Mark Stewart and Mike Kennedy. 
246 3 |a Mark McGwire & Sammy Sosa 
264 1 |a Brookfield, Conn. :  |b Millbrook Press,  |c [1999] 
264 4 |c ©1999 
300 |a 64 pages :  |b illustrations (some color) ;  |c 24 cm. 
336 |a text  |b txt  |2 rdacontent 
337 |a computer  |b c  |2 rdamedia 
338 |a online resource  |b cr  |2 rdacarrier 
500 |a Includes index. 
520 |a Presents the lives, on and off the baseball field, of two athletes whose battle for the home run record dominated sports headlines in 1998. 
533 |a Electronic reproduction.  |b Boulder, Colo. :  |c NetLibrary,  |d 2000.  |n Available via World Wide Web.  |n Access may be limited to NetLibrary affiliated libraries. 
500 |a Electronic resource. 
600 1 0 |a McGwire, Mark,  |d 1963-  |v Juvenile literature. 
600 1 0 |a Sosa, Sammy,  |d 1968-  |v Juvenile literature. 
650 0 |a Baseball players  |z United States  |v Biography  |v Juvenile literature.  |0 http://id.loc.gov/authorities/subjects/sh2007101910 
650 0 |a Baseball players  |z Dominican Republic  |v Biography  |v Juvenile literature.  |0 http://id.loc.gov/authorities/subjects/sh2009116824 
600 1 1 |a McGwire, Mark,  |d 1963- 
600 1 1 |a Sosa, Sammy,  |d 1968- 
650 1 |a Baseball players. 
655 7 |a Electronic books.  |2 local 
700 1 |a Kennedy, Mike,  |d 1965-  |0 http://id.loc.gov/authorities/names/n99043782 
710 2 |a NetLibrary, Inc.  |0 http://id.loc.gov/authorities/names/no99080690 
776 1 |c Original  |w (DLC) 98050292  |w (OCoLC)40444013 
856 4 1 |u https://proxy.library.tamu.edu/login?url=http://www.netLibrary.com/urlapi.asp?action=summary&v=1&bookid=28972  |z Connect to the full text of this electronic book  |t 0 
994 |a 92  |b IKM 
999 |a MARS 
999 f f |s 9b7e991d-21f1-3dcf-bd01-744c9c060bf1  |i bc228ad7-5592-3973-bb6d-762ac0cb32ac  |t 0 
952 f f |a Texas A&M University  |b College Station  |c Electronic Resources  |d Available Online  |t 0  |e GV865.A1 S78 1999eb  |h Library of Congress classification 
998 f f |a GV865.A1 S78 1999eb  |t 0  |l Available Online